logo

Bir Sreshtho Munshi Abdur Rouf Library
Jhenaidah Cadet College

Execution : (Record no. 14077)

MARC details
000 -LEADER
fixed length control field 00755nam a2200241 a 4500
001 - CONTROL NUMBER
JCCL Control Number 14077
003 - CONTROL NUMBER IDENTIFIER
JCCL marc code BD-JhCC
005 - DATE AND TIME OF LATEST TRANSACTION
control field 20240919105026.0
008 - FIXED-LENGTH DATA ELEMENTS--GENERAL INFORMATION
fixed length control field 240919b2002 nyua|||| ||a| 001 0 eng d
020 ## - INTERNATIONAL STANDARD BOOK NUMBER
International Standard Book Number 0609610570
035 ## - SYSTEM CONTROL NUMBER
system control number (BD-JhCC)14077
040 ## - CATALOGING SOURCE
Original cataloging agency BD-JhCC
Modifying agency BD-JhCC
041 ## - LANGUAGE CODE
Language code of Book english
082 ## - DEWEY DECIMAL CLASSIFICATION NUMBER
Classification number 658.3
Author mark and Year BOS 2002
100 ## - MAIN ENTRY--PERSONAL NAME
Personal name Bossidy, Larry
245 ## - TITLE STATEMENT
Title Execution :
Remainder of title the discipline of getting things done /
Statement of responsibility, etc Larry Bossidy, Ram Charan.
260 ## - PUBLICATION, DISTRIBUTION, ETC. (IMPRINT)
Place of publication, distribution, etc New York:
Name of publisher, distributor, etc Crown Business,
Date of publication, distribution, etc 2002.
300 ## - PHYSICAL DESCRIPTION
Pagination 278 p. :
Other physical details ill;
Dimensions 24 cm.
650 ## - SUBJECT ADDED ENTRY--TOPICAL TERM
Topical term or geographic name as entry element BUSINESS & ECONOMICS Industrial Management
Form subdivision BUSINESS & ECONOMICS Management
General subdivision BUSINESS & ECONOMICS Management Science
Geographic subdivision Business
700 ## - ADDED ENTRY--PERSONAL NAME
Personal name Charan,Ram
942 ## - ADDED ENTRY ELEMENTS (KOHA)
Source of classification or shelving scheme Dewey Decimal Classification
Koha item type Books
Holdings
Source of classification or shelving scheme Damaged status Not for loan Home library Current library Shelving location Date of accession Source of acquisition Cost, normal purchase price Total Checkouts Full call number Barcode Date last seen Date checked out Copy number Method of acquisition Koha item type Currency
Dewey Decimal Classification     JCC Rouf Library JCC Rouf Library General Stacks 09/19/2024 With the Compliments Of Shahriar Imtiaz Rahman 27/1483/K 2338.00 2 658.3 BOS 2002 19693 11/24/2025 11/17/2025 C-1 Gift/Donation Books BDT

JCC Library | Contacts | JCC Home

Last Update on 23 September 2017
Copyright @ 2017-2020 JCC Rouf Library
Rouf Library, Jhenidah Cadet College (JCC), Bangladesh